000
00338nam a2200133Ia 4500
008
240624s9999 xx 000 0 und d
041
_a
eng
082
_a
891.43 CAR
100
_a
CARNEGIE DALE
245
_a
LOK VYAVHAAR
260
_c
2015
_a
New Delhi
_b
Manjul Publishing House Pvt Ltd
300
_a
364 : p. : cm. ; 18
365
_c
RS
_b
25
999
_c
27650
_d
27650